Quizzes
Events
Quiz Creation
Community
Videos
Private Events
Remove Ads
Sign In
Join for FREE
Feedback
Dark Mode
Quiz Categories
Sports
Geography
Music
Movies
Television
Just For Fun
Miscellaneous
History
Literature
Language
Science
Gaming
Entertainment
Religion
Holiday
For Kids
Quiz Lab
Recent
Popular Today
Quiz Kudos Today
Editor Picks
Curator Picks
Quizzes by...
Day
Popularity
Type
Ratings
Length
Year
Community
Subscriptions
Recent Discussions
Orange Saloon
Badges
Playlists
Quests
Create
Leaderboards
Showdown
Live 5
Trivia Bingo
Activity
Puzzle Library
Sporcle Events
Private Events
Virtual Trivia
Globe League
Become a Host
Pub Owners
SporcleCon
Opinionation
Our Games
Videos
Blog
Mobile Apps
Partnerships
Remove Ads and Go Orange
Feedback
Sports
Athletes
MLB
NBA
NHL
NFL
Soccer
Sports Teams
WWE
NCAA
Football
Premier League
Basketball
Baseball
Hockey
Golf
Tennis
Cricket
Rugby
Auto Racing
Olympics
World Cup
Sports
Athletes
MLB
NBA
NHL
NFL
Soccer
Sports Teams
WWE
NCAA
Football
Premier League
Basketball
Baseball
Hockey
Golf
Tennis
Cricket
Rugby
Auto Racing
Olympics
World Cup
Random Quiz
Search Sporcle
×
Quiz Lab
Quiz Lab
Sports
Football
Type in answers that appear in a list
Type in answers that appear in a list
Classic
Best Score? Go Orange.
English Football Teams Stats
Test your knowledge of the football leagues, ranging from the BPL to League 2.
By
gargargb
15m
92 Questions
706 Plays
706 Plays
706 Plays
Comments
Comments
Give Quiz Kudos
Give Quiz Kudos
-
- Ratings
hide this ad
Random Order
Randomize order of answers
Randomize order of answers
Replay
Link that replays current quiz
Next Quiz
Link to next quiz in quiz playlist
You Got
0%
They Got
Avg Score
46%
Avg Friend Score
Upgrade to see
Score Distribution
Jump to the score distribution portion of the page
Score
0/92
Timer
15:00
0
Plays Today
Hint
Club
% Correct
Manchester United
93.9%
Manchester City
91.3%
Arsenal
90.2%
Chelsea
89.9%
Liverpool
84.5%
West Ham
80.1%
Spurs
79.4%
Everton
75.7%
Aston Villa
72.1%
Newcastle
71.8%
Leicester
71.3%
Sunderland
70.6%
West Brom
70.1%
Southampton
69.1%
Swansea
69%
Hull
67.7%
Stoke
65.7%
Crystal Palace
64.7%
Burnley
63.4%
Bournemouth
62.4%
Norwich
62.4%
Watford
62.3%
Leeds
59.7%
Fulham
56.9%
Blackburn
56.2%
Cardiff
55.9%
Brighton
55.8%
Sheffield Wednesday
54.8%
Portsmouth
54.2%
Birmingham
52.8%
Middlesbrough
51.8%
Hint
Club
% Correct
Derby
51.6%
QPR
51.2%
Bolton
51.1%
Sheffield United
50.8%
WOlves
50.5%
Blackpool
49.6%
Wigan
49.4%
Nottingham Forest
48.5%
Huddersfield
45.7%
Millwall
45.5%
Reading
45.1%
Wimbledon
44.7%
Ipswich
44.1%
Barnsley
42.1%
Plymouth
41.8%
Bristol City
41.5%
MK Dons
40.8%
Charlton
40.7%
Accrington
40.4%
Bristol Rovers
40%
Oxford
38.7%
Bradford
38%
Northampton
37.8%
Preston
37.6%
Notts County
36.7%
Brentford
36.3%
Coventry
36.1%
Luton
36.1%
Burton
36%
Yeovil
35.6%
Exeter
35.4%
Hint
Club
% Correct
Rotherham
34.9%
Wycombe
34.1%
Doncaster
34%
Carlisle
32.7%
Oldham
32.6%
Cambridge
31.2%
Swindon
30.4%
Gillingham
30.3%
Bury
30%
Colchester
29.6%
Port Vale
29.4%
Southend
29.4%
Hartlepool
29.4%
Fleetwood
28.9%
Scunthorpe
28.6%
Chesterfield
28.3%
Leyton Orient
28.2%
Newport
27.9%
Mansfield
27.6%
Peterborough
27.5%
Walsall
27.3%
Crewe
26.5%
Barnet
26.2%
Rochdale
25.6%
Shrewsbury
25.5%
York
25.3%
Stevenage
24.3%
Crawley
23.9%
Morecambe
21.9%
Dagenham & Redbridge
18.2%
Quiz Playlist
Details
Report
Send in Message
Add To Playlist
Classic:
Type in answers that appear in a list
Random Order:
Randomize order of answers
Last Updated: Feb 16, 2017
Quiz Scoreboard
CHALLENGE
Sign Up to Join the Scoreboard
Show All
Scores
Hide
Comments
May contain spoilers
Recently Published
Movies - When Are They Set?
by FPL_Elf
Movies
5m
Popular People in 1961
by mucciniale
History
6m
1-10 Letter E Words III
by El_Dandy
Language
2m
More to Explore
Quiz From the Vault
Featured Blog Post
Where Did the Easter Bunny Come From?
hide this ad
You Might Also Like...
Tags
Football Quiz
English
League
League 2
team
test
Today's Top Quizzes in Sports
Browse Sports
hide this ad
Today's Top Quizzes in Football
Browse Football
Top Contributed Quizzes in Sports
1
Les meilleurs buteurs des matchs entre le PSG et l’OM
2
FIFA Club World Cup Champions
3
Les entraîneurs de l'OM et du PSG au 21e siècle
4
2022 World Cup Stars
5
Name the Premier League winners with different clubs
6
La finale Lions - Afrique du Sud 2021
7
Criteria MLB: Left Handed Sluggers
8
Les joueurs passés par le LOSC et le RC Lens
9
Players with Multiple 50 Home Run Seasons
10
MLB Players with Two .350 Batting Average Seasons
Explore More
Trending Topics
Kpop
Anime
NBA
Marvel
Crossword
Disney
Harry Potter
WWE
Puzzle
Soccer
Pokémon
Country
The Office
NFL
Song
hide this ad
More By:
gargargb
Quiz
Plays
Rating
Category
Featured
Created
Leicester's BPL Winning Team
7,386
5.00
Sports
May 10, 2016
Football Club Logos
2,680
3.95
Sports
May 15, 2016
FIFA16: BPL Team of the Season
2,170
4.89
Sports
May 11, 2016
Football Stadiums (England)
820
4.82
Sports
May 10, 2016
English Football Teams
706
4.90
Sports
May 9, 2016
Go to Creator's Profile
Score Distribution
Quiz Creator Spotlight
gargargb
Follow
Send a Message
Quizzes Created
-
Created Quiz Play Count
-
More By This Creator
Popular Quizzes Today
1
Find the Countries of Europe - No Outlines Minefield
2
Find the US States - No Outlines Minefield
3
The Countries of the World
4
Popular People in 1961
5
1-10 Letter E Words III
6
US States
7
Find the US States
8
One Thing in Common: World Cities II
More Sports Quizzes
Brabham F1 Drivers
Quiz Lab
Trending Quizzes
Risky Map Clicking: Least Populous States A-Z
Humor Books: The Subtitles
1-10 Letter F Words
1-10 Letter G Words
One Thing in Common: United Kingdom
Recently Updated
Leaping Animals
pecheneg
Reality TV Shows (A-Z)
bhenderson79
Rickey Henderson's Hall of Fame Teammates
pecheneg
Champions League XIs: Arsenal
pecheneg
Quick Pick: Celebrities in WWE's Hall of Fame
aduchscher
A-Z Keypad Blitz II
pecheneg
Multiple Oscar Actors
pecheneg
Mystery Phrase Blitz: Oscar 'Best Actors'
pecheneg
F. Scott Fitzgerald Novels
LTH
Pick 3 Villains
ddd62291
Trending Topics
Crossword
Kpop
Disney
NBA
Marvel
Harry Potter
Anime
Soccer
Song
Country
Pokémon
The Office
WWE
NFL
Puzzle
Your Account Isn't Verified!
In order to create a playlist on Sporcle, you need to verify the email address you used during registration. Go to your
Sporcle Settings
to finish the process.
Report this User
Report this user for behavior that violates our
Community Guidelines
.
Details:
Send Report
Go to the Sporcle.com Mobile Site →
Comments